00293nam a2200109Ia 450000100070000000500170000700800410002424500670006526000250013230000070015799900190016458746320250717113817.0250717s9999 xx 000 0 und d 0aX-7 UZAYI KEŞFEDİYORUM GÜNEŞcŞEBNEM ÖZDEMİRCİ bBETA YAYINLARIc2021 b18 c587463d587463